Priemyselná politika SR. 2

Druhá uverejnená časť koncepcie priemyselnej politiky SR do roku 2000. Agentúra pre ekonomický rozvoj, Agentúra pre priemyselný rozvoj a revitalizáciu, Slovenský úverový ústav, Slovenský poprivatizačný fond. Strategické priemyselné odvetvia.

Enregistré dans:
Détails bibliographiques
Format: Chapitre de livre
Langue:slovaque
Sujets:
Tags: Ajouter un tag
Pas de tags, Soyez le premier à ajouter un tag!

MARC

LEADER 00000naa a2200000 4500
001 r018658
005 20221213101027.8
041 0 |a slo 
044 |a SK 
245 1 0 |a Priemyselná politika SR. 2 
520 |a Druhá uverejnená časť koncepcie priemyselnej politiky SR do roku 2000. Agentúra pre ekonomický rozvoj, Agentúra pre priemyselný rozvoj a revitalizáciu, Slovenský úverový ústav, Slovenský poprivatizačný fond. Strategické priemyselné odvetvia. 
610 2 0 |a Slovensko 
610 2 0 |a politika hospodárska 
610 2 0 |a priemysel 
610 2 0 |a 1995-2000 
610 2 0 |a stratégia hospodárska 
610 2 0 |a odvetvia priemyselné 
610 2 0 |a rozvoj hospodársky